ბათუმის შოთა რუსთაველის სახელმწიფო უნივერსიტეტის ბიბლიოთეკა

ქუროები ამძრავებისათვის (სტანდარტები,ნორმალები და გაანგარიშების ტიპიური მაგალითები) (ბიბ.ჩანაწერი № 40364)

000 -ლიდერი
ფიქსირებული სიგრძის საკონტროლო ველი 01036nam a2200217Ia 4500
001 - საკონტროლო ნომერი
საკონტროლო ველი 6972
003 - საკონტროლო ნომრის იდენტიფიკატორი
საკონტროლო ველი GE_BSU
005 - ბოლო ოპერაციის თარიღი და დრო
საკონტროლო ველი 20190628200647.0
008 - ფიქსირებული სიგრძის მონაცემთა ელემენტები - ზოგადი ინფორმაცია
ფიქსირებული სიგრძის საკონტროლო ველი 181216s1974||||ge |||||||||||||| ||geo||
041 ## - ენის კოდი
Language code of text/sound track or separate title geo
080 ## - უნივერსალური ათობითი კლასიფიკაციის ინდექსი
Universal Decimal Classification number 621.825(083.74) ჭ-34
100 ## - მთავარი ჩანაწერი - პიროვნების სახელი
Personal name ჭელიძე, დ.
9 (RLIN) 3106
245 ## - ცნობა სათაურის შესახებ
Title ქუროები ამძრავებისათვის (სტანდარტები,ნორმალები და გაანგარიშების ტიპიური მაგალითები)
Statement of responsibility, etc დ. ჭელიძე ; გ. ჭელიძე ; რედ : ე. კირვალიძე.
264 ## - წარმოების, გამოცემის, დისტრიბუციის და სხვა ცნობები
გამოცემის, წარმოების, დისტრიბუციის... ადგილი თბილისი :
გამოცემის, წარმოების, დისტრიბუციის... სახელწოდება სპი,
გამოცემის, წარმოების, დისტრიბუციის... თარიღი 1974.
300 ## - ფიზიკური აღწერა
Extent 99 გვ .:
Other physical details ილ ;
Dimensions 20 სმ.
504 ## - BIBLIOGRAPHY, ETC. NOTE
Bibliography, etc ბიბლიოგრ.:გვ.97
653 ## - INDEX TERM--UNCONTROLLED
Uncontrolled term ქუროები ამძრავებისათვის
700 ## - ADDED ENTRY--PERSONAL NAME
Personal name ჭელიძე,გ.
9 (RLIN) 3107
700 ## - ADDED ENTRY--PERSONAL NAME
Personal name კირვალიძე, ე
Relator term რედაქტორი
9 (RLIN) 3108
942 ## - ADDED ENTRY ELEMENTS (KOHA)
Koha item type წიგნი
Source of classification or shelving scheme
ეგზემპლარები
ჩამოწერის სტატუსი დაკარგული ეგზემპლარის სტატუსი კლასიფიკაციის წყარო ან თაროზე გაწყობის სქემა დაზიანების სტატუსი არ გაიცემა მუდმივი მდებარეობა (დაცვის ადგილი) ამჟამინდელი ადგილსამყოფელი თაროზე განთავსების ადგილი შეძენის თარიღი ღირებულება, შესყიდვის ნორმალური ფასი სრული შენახვის შიფრი შტრიხკოდი ბოლო ოპერაციის თარიღი ეგზემპლარის მიმდევრობითი ნომერი (კეტერი?) ფასის ძალაში შესვლის თარიღი ეგზემპლარის სახეობა საჯარო შენიშვნა
          ტექნოლოგიური ფაკულტეტის ბიბლიოთეკა ტექნოლოგიური ფაკულტეტის ბიბლიოთეკა წიგნსაცავი 2018-12-17 1.00 621.825(083.74) ჭ-34 11131 2018-12-17 11131 2018-12-17 წიგნი 1 ლ. 20 თ.
          ტექნოლოგიური ფაკულტეტის ბიბლიოთეკა ტექნოლოგიური ფაკულტეტის ბიბლიოთეკა წიგნსაცავი 2018-12-17 1.00 621.825(083.74) ჭ-34 11132 2018-12-17 11132 2018-12-17 წიგნი 1 ლ. 20 თ.
          ტექნოლოგიური ფაკულტეტის ბიბლიოთეკა ტექნოლოგიური ფაკულტეტის ბიბლიოთეკა წიგნსაცავი 2018-12-17 1.00 621.825(083.74) ჭ-34 11133 2018-12-17 11133 2018-12-17 წიგნი 1 ლ. 20 თ.